|
|
|
|
| LEADER |
00577cam a2200169 7i4500 |
| 001 |
0000026622 |
| 005 |
20110920090000.0 |
| 022 |
0 |
0 |
|a 22299998
|
| 090 |
0 |
0 |
|a M 665.3025
|b MAL
|
| 110 |
2 |
0 |
|a Malaysia External Trade Development Corporation (MATRADE)
|
| 245 |
2 |
0 |
|a Malaysia exporters of oleochemicals directory 2011-2013.
|
| 260 |
0 |
0 |
|a Kuala Lumpur:
|b MATRADE,
|c 2011.
|
| 300 |
# |
# |
|a 39p.
|
| 650 |
0 |
0 |
|a Oleochemicals --
|x Directories --
|z Malaysia
|
| 650 |
0 |
0 |
|a Palm Oil --
|x Directories --
|z Malaysia
|
| 651 |
0 |
0 |
|a Malaysia
|
| 999 |
|
|
|a 0000028629
|b Directories
|c Malaysia
|e Business Information Centre
|